Catálogo

EL PRAGMATISMO (Registro nro. 55405)

Detalles MARC
000 -LEADER
fixed length control field 00948nam a2200229 a 4500
001 - CONTROL NUMBER
control field 55405
005 - DATE AND TIME OF LATEST TRANSACTION
control field 20180714050708.0
008 - FIXED-LENGTH DATA ELEMENTS--GENERAL INFORMATION
fixed length control field 140415s2008 sp 000 0 spa d
020 ## - INTERNATIONAL STANDARD BOOK NUMBER
International Standard Book Number 9788474909081
041 ## - LANGUAGE CODE
Language code of text/sound track or separate title spa
082 ## - DEWEY DECIMAL CLASSIFICATION NUMBER
Classification number 144.3
Item number PEI
100 1# - MAIN ENTRY--PERSONAL NAME
Personal name PEIRCE, CHARLES S.
245 13 - TITLE STATEMENT
Title EL PRAGMATISMO
250 ## - EDITION STATEMENT
Edition statement 1a ed.
260 ## - PUBLICATION, DISTRIBUTION, ETC.
Place of publication, distribution, etc. ESPAÑA :
Name of publisher, distributor, etc. EDICIONES ENCUENTRO,
Date of publication, distribution, etc. 2008
300 ## - PHYSICAL DESCRIPTION
Extent 139
Dimensions 14.9 x 0.8 x 20.7
490 ## - SERIES STATEMENT
Series statement ENSAYOS
520 ## - SUMMARY, ETC.
Summary, etc. EN LOS ULTIMOS AÑOS DE SU VIDA, CHARLES S. PEIRCE, EL INTELECTO MAS ORIGINAL Y VERSATIL QUE AMERICA HA PRODUCIDO, RETOMA MUCHAS CUESTIONES DENTRO DE SU EVOLUCION INTELECTUAL Y TRATA DE DAR UNA FORMA DEFINITIVA AL SISTEMA DE SU PENSAMIENTO. EN ESE CONTEXTO SE ENMARCAN LOS DOS TEXTOS TRADUCIDOS EN ESTE VOLUMEN QUE ES EL PRAGMATISMO (1905) Y PRAGMATISMO (1908).
650 14 - SUBJECT ADDED ENTRY--TOPICAL TERM
Topical term or geographic name entry element PRAGMATISMO
700 1# - ADDED ENTRY--PERSONAL NAME
Personal name BARRENA, SARA
Relator term tr.
740 ## - ADDED ENTRY--UNCONTROLLED RELATED/ANALYTICAL TITLE
Uncontrolled related/analytical title WHAT PRAGMATISM IS Y PRAGMATISM
Existencias
Withdrawn status Lost status Source of classification or shelving scheme Damaged status Not for loan Collection code Home library Current library Shelving location Date acquired Source of acquisition Total Checkouts Full call number Barcode Price effective from Koha item type
    Dewey Decimal Classification     General Centro de Estudios en Ciencia y Religión Centro de Estudios en Ciencia y Religión Sala general 03/12/2013 Compra   144.3 PEI 83100 20/11/2015 Libro